| 000 | 00728nam a2200229 a 4500 | ||
|---|---|---|---|
| 999 |
_c3432 _d3432 |
||
| 001 | 3432 | ||
| 003 | BD-JhCC | ||
| 005 | 20180307110045.0 | ||
| 008 | 171112s2010 bg ||||| |||| 00| 0 ben d | ||
| 020 | _a9840748262 | ||
| 035 | _a(BD-JhCC) | ||
| 040 |
_aBD-JhCC _dBD-JhCC |
||
| 041 | _aben | ||
| 082 |
_a891.443 _bBHU 2010 |
||
| 100 | _aভূঞা, মোঃ সেলিম | ||
| 245 |
_aতারাশঙ্করের উপন্যাস কৌমজীবনের রূপায়ণ / _cমোঃ সেলিম ভূঞা |
||
| 260 |
_aঢাকা : _bবাংলা একাডেমী, _c২০১০. |
||
| 300 |
_a152 p. : _c22 cm. |
||
| 650 | _aBengali Novel | ||
| 942 |
_2ddc _cBK |
||